00737nam a2200181 a 4500003000200000005001700002008004100019050002900060100001800089245013300107260009200240300004100332504004100373650003100414650002600445650002900471650005500500020250329103246.0050810s19uu xx 00 eng d aPGS HQ 784.T4b.Y68 2005 aYoung, Sarah. aA comparative study on the effects of TV viewing on the academic and deportment grades of grade 6 and 5 students /cSarah Young. aLas Piñas City, Philippines : bSouthville International School and Colleges,c2005. a43 pages :billustrations ; c28 cm. aIncludes bibliographical references. aTelevision and children.  aAcademic achievement. aTelevision in education. aEducationvEffect of technological innovations on.